000 01660nam a22002777a 4500
999 _c22156
_d22156
003 AR-CdUCM
008 190425b ||||| |||| 00| 0 spa d
040 _aMUNICIPALIDAD PROVINCIAL DEL CUSCO
_cBIBLIOTECA MUNICIPAL DEL CUSCO
082 _aOropesa/N°25/1997
245 _aOropesa :
_brevista de cultura y educación de opinión y crítica /
_cAmérico Valer Vargas, Director
260 _aCusco.
_bMercantil,
_c1997.
300 _a18 páginas. :
_bilustraciones ;
_c30 cm.
440 _aOropesa.
_nAño XVI, N°XXV, junio 1997.
_947560
505 _aContenido: G.U.E. Garcilaso de la Vega del Cusco XLVI años al servicio de la educación nacional. Américo Valer Vargas. -- Congreso de Toledo España. Washington Canal. -- Hacia la articulación secundaria universitaria. Elvio Miranda Zambrano. -- La provincia de Quispicanchi camino al progreso Municipalidad rinde homenaje al 172 aniversario de creación política inaugurando obras. -- Educación para los grandes cambios. -- Así se creo el festival del pan Tanta Raimy Oropesa. -- María Trinidad Enríquez Ladrón de Guevara. Emeteria Uñapillco Roca. -- El hombre y la identidad. Juvenal Pacheco Farfán. -- G.U.E. Inca Garcilaso de la Vega símbolo de modernidad e identidad.
650 _aPolítica cusqueña
_947381
650 _aGobiernos locales
_98462
650 _aColegios del Cusco
_924467
650 _aSociedad cusqueña
_947493
650 _aSiglo XX
_947561
700 _aValer Vargas, Américo
_947562
700 _aMiranda Zambrano, Elvio
_99636
700 _aValer Vargas, Alejandro
_947563
700 _aPacheco Farfán, Juvenal
_947564
942 _2ddc
_cPP
945 _arac